<?xml version="1.0" encoding="UTF-8"?><?xml-stylesheet type="text/xsl" href="static/style.xsl"?><OAI-PMH xmlns="http://www.openarchives.org/OAI/2.0/" xmlns:xsi="http://www.w3.org/2001/XMLSchema-instance" xsi:schemaLocation="http://www.openarchives.org/OAI/2.0/ http://www.openarchives.org/OAI/2.0/OAI-PMH.xsd"><responseDate>2026-04-14T02:33:14Z</responseDate><request verb="GetRecord" identifier="oai:www.recercat.cat:2072/414161" metadataPrefix="marc">https://recercat.cat/oai/request</request><GetRecord><record><header><identifier>oai:recercat.cat:2072/414161</identifier><datestamp>2025-02-03T13:34:09Z</datestamp><setSpec>com_2072_98</setSpec><setSpec>col_2072_378192</setSpec></header><metadata><record xmlns="http://www.loc.gov/MARC21/slim" xmlns:dcterms="http://purl.org/dc/terms/" xmlns:xsi="http://www.w3.org/2001/XMLSchema-instance" xmlns:doc="http://www.lyncode.com/xoai" xsi:schemaLocation="http://www.loc.gov/MARC21/slim http://www.loc.gov/standards/marcxml/schema/MARC21slim.xsd">
   <leader>00925njm 22002777a 4500</leader>
   <datafield ind2=" " ind1=" " tag="042">
      <subfield code="a">dc</subfield>
   </datafield>
   <datafield ind2=" " ind1=" " tag="720">
      <subfield code="a">Méllo, Ricardo Pimentel</subfield>
      <subfield code="e">author</subfield>
   </datafield>
   <datafield ind2=" " ind1=" " tag="260">
      <subfield code="c">2016</subfield>
   </datafield>
   <datafield ind2=" " ind1=" " tag="520">
      <subfield code="a">Nesse ensaio buscamos um modo de trabalhar com documentos na interface com o conceito de "inscritores" desenvolvido pelo antropólogo Bruno Latour e o sociólogo Steve Woolgar, quando ainda se iniciavam os primeiros estudos da chamada Teoria Ator-Rede. Os inscritores têm a responsabilidade de "materializar" algo que está sendo pesquisado (mapas, gráficos, fotografias, etc.). Como exemplo de documento nos repostamos ao dicionário que expressa e constrói linguagem, esta entendida como prática. Documentos, como o dicionário, propagam modos de vida cotidianos, indo muito além de um compilador de vocábulos, já que expressam práticas de poder que criam determinadas possibilidades de interpretação e de visibilidade. Concluímos que documentos, devem ser analisados como "dispositivos de inscrição", construído em linhas de articulação compartilhadas, ou seja, em redes. A materialidade dos documentos são tanto os agenciamentos que lhe fazem existir como os agenciamentos que eles produzem.</subfield>
   </datafield>
   <datafield ind2=" " ind1=" " tag="520">
      <subfield code="a">In this essay, we seek out a way to work in documents using the interface of "inscriptors" concept, which was developed by the anthropologist Bruno Latour and the sociologist Steve Woolgar when both were starting their studies within the so called Actor-Network Theory. The "inscriptors" have the responsibility to "fabricate" things that are being investigated (maps, graphs, photos, etc.). As an example of documents seen in this framework we point out the dictionaries that express and construct language, which we understand as a practice. Thus, documents as the dictionary propagate ways of daily life that goes beyond the compilation of vocabulary once it creates possibilities of interpretation and visibility that express practices of power. Therefore, documents must be analyzed as "tools of inscription" built in shared articulation, networks. Documents are materialized as much as by the agencies that grant them existence, as by the agencies that produce them.</subfield>
   </datafield>
   <datafield tag="653" ind2=" " ind1=" ">
      <subfield code="a">Teoria ator-rede</subfield>
   </datafield>
   <datafield tag="653" ind2=" " ind1=" ">
      <subfield code="a">Inscritores</subfield>
   </datafield>
   <datafield tag="653" ind2=" " ind1=" ">
      <subfield code="a">Análise de documentos</subfield>
   </datafield>
   <datafield tag="653" ind2=" " ind1=" ">
      <subfield code="a">Bruno Latour</subfield>
   </datafield>
   <datafield tag="653" ind2=" " ind1=" ">
      <subfield code="a">Actor-network theory</subfield>
   </datafield>
   <datafield tag="653" ind2=" " ind1=" ">
      <subfield code="a">Inscription</subfield>
   </datafield>
   <datafield tag="653" ind2=" " ind1=" ">
      <subfield code="a">Documental analysis</subfield>
   </datafield>
   <datafield ind2="0" ind1="0" tag="245">
      <subfield code="a">Aparatos de inscrição segundo Latour e Woolgar : trabalhando com materialidade em documentos</subfield>
   </datafield>
</record></metadata></record></GetRecord></OAI-PMH>